000 00262nam a2200121 i 4500
001 bg
245 0 _aProbleme der Festkorperelektronik.Bd.5.
260 _aBerlin.
040 _cBPK
041 _apol
942 _cKS
008 s pl f |000 0 pol
999 _c26397
_d26397
856 _uhttp://koha.tu.koszalin.pl/cgi-bin/koha/opac-detail.pl?biblionumber=26397
_yKatalog online BPK